J S Bloor (Northampton) Ltd and another v Warwickshire CC (Record no. 69831)
[ view plain ]
| 000 -LEADER | |
|---|---|
| fixed length control field | 01005cam a2200205 4500 |
| 001 - CONTROL NUMBER | |
| control field | X117214 |
| 008 - FIXED-LENGTH DATA ELEMENTS--GENERAL INFORMATION | |
| fixed length control field | 020322n2002 000 0 eng u |
| 035 ## - SYSTEM CONTROL NUMBER | |
| System control number | (Sirsi) u117214 |
| 245 ## - TITLE STATEMENT | |
| Title | J S Bloor (Northampton) Ltd and another v Warwickshire CC |
| 260 ## - PUBLICATION, DISTRIBUTION, ETC. | |
| Date of publication, distribution, etc. | 2002 |
| 490 ## - SERIES STATEMENT | |
| Series statement | Estates Gazette Case Summaries |
| Volume/sequential designation | [2002] 11 EG 152 (CS) |
| 520 ## - SUMMARY, ETC. | |
| Summary, etc. | QBD, 1 March 2002. Claimants applying for residential development - new structure plan adopted - proposed development no longer in accordance with development plan - claimants objecting to policy in structure plan - whether decision to adopt structure plan perverse - whether explanatory memorandum explaining policy was lawful - Town and Country Planning Act 1990 s32 and s287. |
| 650 ## - SUBJECT ADDED ENTRY--TOPICAL TERM | |
| Topical term or geographic name entry element | J S BLOOR (NORTHAMPTON) LTD V WARWICKSHIRE CC |
| 650 ## - SUBJECT ADDED ENTRY--TOPICAL TERM | |
| Topical term or geographic name entry element | TOWN AND COUNTRY PLANNING ACT 1990 |
| 650 ## - SUBJECT ADDED ENTRY--TOPICAL TERM | |
| Topical term or geographic name entry element | STRUCTURE PLANS |
| 650 ## - SUBJECT ADDED ENTRY--TOPICAL TERM | |
| Topical term or geographic name entry element | DEVELOPMENT PLANS |
| 650 ## - SUBJECT ADDED ENTRY--TOPICAL TERM | |
| Topical term or geographic name entry element | RESIDENTIAL DEVELOPMENT |
| 690 ## - LOCAL SUBJECT ADDED ENTRY--TOPICAL TERM (OCLC, RLIN) | |
| Topical term or geographic name as entry element | Planning and development |
| 9 (RLIN) | 6259 |
| 942 ## - ADDED ENTRY ELEMENTS (KOHA) | |
| Suppress in OPAC | 0 |
| Withdrawn status | Lost status | Source of classification or shelving scheme | Damaged status | Not for loan | Home library | Current library | Shelving location | Date acquired | Total Checkouts | Full call number | Barcode | Date last seen | Copy number | Price effective from | Koha item type |
|---|---|---|---|---|---|---|---|---|---|---|---|---|---|---|---|
| Dewey Decimal Classification | London | London | News article | 22/03/2002 | X117214 | 117214-1001 | 06/08/2019 | 1 | 06/08/2019 | Law report |